000 00733nam a2200241 i 4500
001 88842
003 ES-MaACL
005 20250815045930.0
007 t|
008 041220s1991 sp ||||1| spa d
020 _a84-7738-103-8
080 _a575.8
100 1 _aQuerol, María Angeles.
_994546
245 1 0 _aDe los primeros seres humanos /
_cMaría Angeles Querol.
260 _aMadrid :
_bSíntesís,
_c[1991]
300 _a192 p. :
_bil. ;
_c22 cm.
490 1 _aHistoria universal. Prehistoria ;
_v2
504 _aBibliografía: p. 187-192.
650 4 _aEvolución humana.
_912627
830 0 0 _aHistoria universal.
_pPrehistoria
_v2
_9228308
852 _aES-MaACL
_jE-10675
_bR.134835
999 _c88842
_d88842